000 00281nam a2200109Ia 4500
008 190914s9999||||xx |||||||||||||| ||und||
100 _aM.Morris Mano
245 0 _aLogic And Computer Design Fundamentals
260 _aNew Delhi
_bBantam Books Inc
_c1999
300 _a670
942 _cBK
999 _c9219
_d9219